书目信息 |
| 题名: |
钳工技术
|
|
| 作者: | 王恩海 主编 | |
| 分册: | ||
| 出版信息: | 北京 北京理工大学出版社 2020 |
|
| 页数: | 227页 | |
| 开本: | 26cm | |
| 丛书名: | 高等职业教育理实一体化系列教材 | |
| 单 册: | ||
| 中图分类: | TG9 | |
| 科图分类: | ||
| 主题词: | 钳工--基本知识 | |
| 电子资源: | ||
| ISBN: | 978-7-5682-8779-1 | |
| 000 | 01126nam 2200265 450 | |
| 001 | 2356951602 | |
| 005 | 20231223161311.98 | |
| 010 | @a978-7-5682-8779-1@dCNY69.00 | |
| 100 | @a20200922d2020 em y0chiy50 ea | |
| 101 | 0 | @achi |
| 102 | @aCN@b110000 | |
| 105 | @aak a 000yy | |
| 200 | 1 | @a钳工技术@Aqian gong ji shu@f王恩海主编 |
| 205 | @a第2版 | |
| 210 | @a北京@c北京理工大学出版社@d2020 | |
| 215 | @a227页@c图@d26cm | |
| 225 | 2 | @a高等职业教育理实一体化系列教材@Agao deng zhi ye jiao yu li shi yi ti hua xi lie jiao cai |
| 320 | @a有书目 (第227页) | |
| 330 | @a本书在介绍了钳工常用设备、量具及常用电动工具, 系统地讲解了钳工实用技术的基础上, 按照“工学结合、校企融合”的要求, 编入了一些实用的例题, 每章都安排了大量的习题, 为适应1+X职业技能鉴定要求, 附录提供了供技能鉴定复习之用的配有答案的习题库, 以及《中级钳工职业技能鉴定规范》, 相信通过本书的学习和技能训练, 学员们会较好的掌握钳工基本理论和操作技能。 | |
| 410 | 0 | @12001 @a高等职业教育理实一体化系列教材 |
| 606 | 0 | @a钳工@x基本知识 |
| 690 | @aTG9@v5 | |
| 701 | 0 | @a王恩海@Awang en hai@4主编 |
| 801 | 0 | @aCN@b湖北三新@c20200922 |
| 905 | @aZUCC@dTG9@e14=2 | |
| 钳工技术/王恩海主编.-第2版.-北京:北京理工大学出版社,2020 |
| 227页:图;26cm.-(高等职业教育理实一体化系列教材) |
| ISBN 978-7-5682-8779-1:CNY69.00 |
| 本书在介绍了钳工常用设备、量具及常用电动工具, 系统地讲解了钳工实用技术的基础上, 按照“工学结合、校企融合”的要求, 编入了一些实用的例题, 每章都安排了大量的习题, 为适应1+X职业技能鉴定要求, 附录提供了供技能鉴定复习之用的配有答案的习题库, 以及《中级钳工职业技能鉴定规范》, 相信通过本书的学习和技能训练, 学员们会较好的掌握钳工基本理论和操作技能。 |
| ● |
| 相关链接 |
|
|
|
正题名:钳工技术
索取号:TG9/14=2
 
预约/预借
| 序号 | 登录号 | 条形码 | 馆藏地/架位号 | 状态 | 备注 |
| 1 | 2001366948 | 2001366948 | 617书库/ [索取号:TG9/14=2] | 在馆 | |
| 2 | 2001366949 | 2001366949 | 617书库/ [索取号:TG9/14=2] | 在馆 | |
| 3 | 2001366950 | 2001366950 | 617书库/ [索取号:TG9/14=2] | 在馆 | |
| 4 | 2001366951 | 2001366951 | 617书库/ [索取号:TG9/14=2] | 在馆 | |
| 5 | 2001366952 | 2001366952 | 617书库/ [索取号:TG9/14=2] | 在馆 | |
| 6 | 2001366953 | 2001366953 | 617书库/ [索取号:TG9/14=2] | 在馆 | |
| 7 | 2001366954 | 2001366954 | 617书库/ [索取号:TG9/14=2] | 在馆 | |
| 8 | 2001366955 | 2001366955 | 617书库/ [索取号:TG9/14=2] | 在馆 | |
| 9 | 2001366956 | 2001366956 | 617书库/ [索取号:TG9/14=2] | 在馆 | |
| 10 | 2001366957 | 2001366957 | 617书库/ [索取号:TG9/14=2] | 在馆 | |
| 11 | 2001366958 | 2001366958 | 617书库/ [索取号:TG9/14=2] | 在馆 | |
| 12 | 2001366959 | 2001366959 | 617书库/ [索取号:TG9/14=2] | 在馆 | |
| 13 | 2001366960 | 2001366960 | 617书库/ [索取号:TG9/14=2] | 在馆 | |
| 14 | 2001366961 | 2001366961 | 617书库/ [索取号:TG9/14=2] | 在馆 | |
| 15 | 2001366962 | 2001366962 | 617书库/ [索取号:TG9/14=2] | 在馆 | |
| 16 | 2001366963 | 2001366963 | 617书库/ [索取号:TG9/14=2] | 在馆 | |
| 17 | 2001366964 | 2001366964 | 617书库/ [索取号:TG9/14=2] | 在馆 | |
| 18 | 2001366965 | 2001366965 | 617书库/ [索取号:TG9/14=2] | 在馆 | |
| 19 | 2001366966 | 2001366966 | 617书库/ [索取号:TG9/14=2] | 在馆 | |
| 20 | 2001366967 | 2001366967 | 617书库/ [索取号:TG9/14=2] | 在馆 | |
| 21 | 2001366968 | 2001366968 | 617书库/ [索取号:TG9/14=2] | 在馆 | |
| 22 | 2001366969 | 2001366969 | 617书库/ [索取号:TG9/14=2] | 在馆 | |
| 23 | 2001366970 | 2001366970 | 617书库/ [索取号:TG9/14=2] | 在馆 | |
| 24 | 2001366971 | 2001366971 | 617书库/ [索取号:TG9/14=2] | 在馆 | |
| 25 | 2001366972 | 2001366972 | 617书库/ [索取号:TG9/14=2] | 在馆 | |
| 26 | 2001366973 | 2001366973 | 617书库/ [索取号:TG9/14=2] | 在馆 | |
| 27 | 2001366974 | 2001366974 | 617书库/ [索取号:TG9/14=2] | 在馆 | |
| 28 | 2001366975 | 2001366975 | 617书库/ [索取号:TG9/14=2] | 在馆 | |
| 29 | 2001366976 | 2001366976 | 617书库/ [索取号:TG9/14=2] | 在馆 | |
| 30 | 2001366977 | 2001366977 | 617书库/ [索取号:TG9/14=2] | 在馆 |